| 000 | 00930nam a2200241 a 4500 | ||
|---|---|---|---|
| 001 | 39405 | ||
| 003 | BD-RjUL | ||
| 005 | 20211209053002.0 | ||
| 008 | 160410s2014 bg ||||| b||| 00| 0 ben d | ||
| 020 |
_a978984898877X _c: TK. 250.00 |
||
| 035 | _a(BD-RjUL) | ||
| 040 |
_aBD-RjUL _bben _cBD-RjUL |
||
| 041 | _aben | ||
| 082 |
_223 _a615.535 _bPAN 2014 |
||
| 100 |
_aপাল, নিশীথ কুমার _9119563 |
||
| 245 | 1 | 0 |
_aন্যাচারোপ্যাথি / _cনিশীথ কুমার পাল |
| 260 |
_aঢাকা : _bবিজয় প্রকাশ, _c২০১৪ |
||
| 300 |
_a১৫৪ পৃ. ; _c২২ সেমি. |
||
| 504 | _aতথ্যপঞ্জি সংযুক্ত | ||
| 650 |
_aপ্রাকৃতিক উপায়ে রোগচিকিৎসা _xজনপ্রিয় কাজ _9121477 |
||
| 650 |
_aNaturopathy _xPopular work _9121478 |
||
| 942 |
_2ddc _cBK |
||
| 999 |
_c39405 _d39405 |
||